000 00868nam a22002417a 4500
005 20240530110342.0
008 141119s2012 le g 001 0 ara d
020 _a9789953825267
040 _aEG-CaGPL
041 0 _aara
082 0 4 _221
_a327.114\
_bش ن
100 0 _aشكرى الحسين
245 1 0 _aنحو مقاربة بيئية للمياة العربية /
_cشكرى الحسين
250 _aط 1
260 _aبيروت :
_bمركز دراسات الوحدة العربية ،
_c2012
300 _a318 ص ؛
_c24 سم
504 _aببليوجرافية : ص 218 - 301
650 0 4 _aالمياه
_xقوانين وتشريعات
650 0 4 _aالمياه
_xالقانون الدولى
650 0 4 _aالمياه
_xالعالم العربى
942 _2ddc
_cBK
999 _c59909
_d59909